000 00578nam a2200229Ia 4500
003 OSt
005 20221005114738.0
006 a|||||r|||| 00| 0
007 ta
008 221004b |||||||| |||| 00| 0 tam d
024 _a13476
037 _cTextual
040 _aCRL
_cCRL
_btam
041 _2tam
_atam
082 _aO31,1M91w, N1
100 _aKrishna Murtty
_9626456
245 0 _aBarathi Thasan Valkai Varalaru
260 _c1991
650 _aTAMIL LITERATURE
942 _hO31,1M91w, N1
_cTEXL
_2cc
999 _c1032277
_d1032277